000 00456nam a2200181Ia 4500
001 16079
005 20260306170243.0
008 260306t2021||||xx |||||||||||||| ||und||
041 _aESP
082 _a346.6
_bM84
100 _aMontoya Castillo, Carlos Franco
_eAUT
245 0 _aModelos de contratos y documentos empresariales
260 _c2021
300 _a127 páginas :
_c24 cm.
650 _aGEN
654 _aCDE
942 _cLIB
_dJUS
_fJUS
_2ddc
_n
999 _c16079
_d16079